|
|
|
|
| LEADER |
00000naa0a2200000 4500 |
| 001 |
598067 |
| 005 |
20250221162627.0 |
| 035 |
|
|
|a (RuTPU)RU\TPU\tpu\21560
|
| 035 |
|
|
|a RU\TPU\tpu\21558
|
| 090 |
|
|
|a 598067
|
| 100 |
|
|
|a 20120627d1998 k y0rusy50 ca
|
| 101 |
0 |
|
|a rus
|
| 102 |
|
|
|a RU
|
| 200 |
1 |
|
|a Совершенствование методики создания резистивных композитов
|f Н. Н. Минакова, И. И. Сквирская, В. Я. Ушаков
|
| 330 |
|
|
|a Для разработки новых резистивных КМ с заданными свойствами предложена компьютерная методика, включающая структурно-ориентированную модель КМ, модели многофакторных воздействий на макроструктуру, механизм электропроводности, прогнозирование свойств по эмпирико-аналитическим моделям или принципу начального эксперимента, универсальные методики компьютерного эксперимента
|
| 333 |
|
|
|a В фонде НТБ ТПУ отсутствует
|
| 463 |
|
|
|t Электромеханика и электротехнологии: МКЭЭ-98
|o тезисы докладов, Клязьма, 14-18 сентября, 1998 г
|v C. 40
|d 1998
|
| 610 |
1 |
|
|a труды учёных ТПУ
|
| 700 |
|
1 |
|a Минакова
|b Н. Н.
|
| 701 |
|
1 |
|a Сквирская
|b И. И.
|c специалист в области электроразрядных технологий
|c ведущий профконсультант Томского политехнического университета
|f 1941-
|g Инна Ивановна
|3 (RuTPU)RU\TPU\pers\27719
|
| 701 |
|
1 |
|a Ушаков
|b В. Я.
|c специалист в области электроэнергетики
|c профессор Томского политехнического университета, доктор технических наук
|f 1939-
|g Василий Яковлевич
|3 (RuTPU)RU\TPU\pers\10509
|9 2236
|
| 801 |
|
1 |
|a RU
|b 63413507
|c 20091105
|
| 801 |
|
2 |
|a RU
|b 63413507
|c 20120627
|g RCR
|
| 942 |
|
|
|c BK
|